000 02245 a2200241 4500
001 11506
003 IN-BhIIT
005 20260617173710.0
008 260617b |||||||| |||| 00| 0 eng d
020 _a9781439814673 (hbk.)
040 _aIN-BhIIT
041 _aeng
082 _a621.381
_bSHA/H
100 _aShabany, Younes
_eAuthor
_928010
245 _aHeat transfer :
_bthermal management of electronics /
_cYounes Shabany
260 _aNew York :
_bCRC Press,
_c2010.
300 _axv, 491 p. :
_bill. ;
_c22 cm.
504 _aIncludes bibliographical references and index.
520 _aThe continuing trend toward miniaturization and high power density electronics results in a growing interdependency between different fields of engineering. In particular, thermal management has become essential to the design and manufacturing of most electronic systems. Heat Transfer: Thermal Management of Electronics details how engineers can use intelligent thermal design to prevent heat-related failures, increase the life expectancy of the system, and reduce emitted noise, energy consumption, cost, and time to market. Appropriate thermal management can also create a significant market differentiation, compared to similar systems. Since there are more design flexibilities in the earlier stages of product design, it would be productive to keep the thermal design in mind as early as the concept and feasibility phase. The author first provides the basic knowledge necessary to understand and solve simple electronic cooling problems. He then delves into more detail about heat transfer fundamentals to give the reader a deeper understanding of the physics of heat transfer. Next, he describes experimental and numerical techniques and tools that are used in a typical thermal design process. The book concludes with a chapter on some advanced cooling methods. With its comprehensive coverage of thermal design, this book can help all engineers to develop the necessary expertise in thermal management of electronics and move a step closer to being a multidisciplinary engineer.
650 _aElectronic control
_xElectronic apparatus and appliances
_928023
650 _aElectronics
_xThermal properties.
_928024
942 _cTRB
999 _c15554
_d15554